Normal view
MARC view
- Sheng , William.W ,Colino , Ronald .P
Entry Personal Name
001 - CONTROL NUMBER
- control field: 58556
003 - CONTROL NUMBER IDENTIFIER
- control field: NUST
005 - DATE AND TIME OF LATEST TRANSACTION
- control field: 20210628202151.0
008 - FIXED-LENGTH DATA ELEMENTS
- fixed length control field: 210628|| aca||aabn | a|a d
040 ## - CATALOGING SOURCE
- Original cataloging agency: NUST
- Transcribing agency: NUST
100 ## - HEADING--PERSONAL NAME
- Personal name: Sheng , William.W ,Colino , Ronald .P
670 ## - SOURCE DATA FOUND
- Source citation: Work cat.: (NUST): Sheng , William.W ,Colino , Ronald .P, Power electronic modules ,design and manufacture, 2004
